Top 50 Baby Girls' Names in 1890 - Statistics

General Stats
  • This quiz has been taken 41 times
  • The average score is 24 of 50
Answer Stats
Answer % Correct
Marie
97%
Mary
97%
Elizabeth
94%
Sarah
86%
Margaret
83%
Helen
74%
Ruth
74%
Catherine
71%
Grace
71%
Anna
69%
Alice
66%
Edith
66%
Emma
66%
Laura
63%
Frances
60%
Rose
60%
Josephine
57%
Julia
57%
Ella
54%
Esther
51%
Eva
51%
Lillie
51%
Ethel
49%
Florence
49%
Louise
49%
Martha
49%
Annie
46%
Edna
43%
Clara
37%
Elsie
37%
Mildred
37%
Cora
31%
Lillian
31%
Bertha
29%
Hazel
29%
Irene
29%
Mabel
29%
Nellie
29%
Agnes
26%
Lena
26%
Gertrude
23%
Gladys
23%
Ida
23%
Minnie
23%
Hattie
20%
Bessie
17%
Pearl
17%
Carrie
14%
Myrtle
11%
Mattie
9%
No matching quizzes found
Score Distribution
Percent of People with Each Score
Percentile by Number Answered
Your Score History
You have not taken this quiz